000 00765nam a2200217 a 4500
001 53997
003 BD-RjUL
005 20211209080045.0
008 161031s1980 bg ||||| |||| 00| 0 ben d
035 _a(BD-RjUL)54119
040 _aBD-RjUL
_bben
_cBD-RjUL
_dBD-RjUL
041 _aben
082 _223
_a891.442
_bKHM 1980
100 _aখান, আবদুল মতিন
_9147124
245 1 0 _aমাননীয় মন্ত্রীর একান্ত সচিব /
_cআবদুল মতিন খান
260 _aঢাকা :
_bমুক্তধারা,
_c১৯৮০.
300 _a[৬], ৪৮ পৃ. ;
_c২৩ সেমি.
650 _aবাংলা নাটক
_9161242
650 _aBengali Drama
_9161243
942 _2ddc
_cBK
999 _c53997
_d53997